Giáo trình kỹ thuật điện cao áp

Sách nghiên cứu các quá trình cơ bản xuất hiện trong cách điện ngoài và cách điện trong dưới tác dụng của điện trường cao. Qúa điện áp và các biện pháp bảo vệ chống quá điện áp.

Đã lưu trong:
书目详细资料
主要作者: Hoàng, Việt
格式: 图书
语言:Undetermined
出版: Thành phố Hồ Chí Minh Trường Đại học Bách Khoa Thành phố Hồ Chí Minh 1998
主题:
标签: 添加标签
没有标签, 成为第一个标记此记录!
Thư viện lưu trữ: Trung tâm Học liệu Trường Đại học Cần Thơ
LEADER 00908nam a2200205Ia 4500
001 CTU_35943
008 210402s9999 xx 000 0 und d
020 |c 33500 
082 |a 621.3 
082 |b V308/T.1 
100 |a Hoàng, Việt 
245 0 |a Giáo trình kỹ thuật điện cao áp 
245 0 |c Hoàng Việt 
260 |a Thành phố Hồ Chí Minh 
260 |b Trường Đại học Bách Khoa Thành phố Hồ Chí Minh 
260 |c 1998 
520 |a Sách nghiên cứu các quá trình cơ bản xuất hiện trong cách điện ngoài và cách điện trong dưới tác dụng của điện trường cao. Qúa điện áp và các biện pháp bảo vệ chống quá điện áp. 
650 |a Electric engineering 
904 |i Minh, Năm 
980 |a Trung tâm Học liệu Trường Đại học Cần Thơ